000 00539nam a2200121Ia 4500
008 220620s9999||||xx |||||||||||||| ||und||
100 _aMark T. Stauffer
245 0 _aCalibration and Validation of Analytical Methods - A Sampling of Current Approaches
546 _aEnglish[eng]
650 _aPhysical Sciences||Engineering and Technology||Chemistry||Analytical Chemistry||Instrumental Chemistry
856 _uhttps://www.intechopen.com/books/calibration-and-validation-of-analytical-methods-a-sampling-of-current-approaches
942 _cEB
999 _c32690
_d32690